000 00451nam a2200157 i 4500
001 52370
003 ES-MaACL
005 20230906162553.0
007 t|
008 030828s1971 sp ||||1| spa d
100 1 _aChaves, Pablo.
_938264
245 1 0 _aEn mis horas de solaz
_b: impresiones rimadas /
_cPablo Chaves.
260 _aLa Coruña :
_b[s.n.,
_c1971] (
_fIdeal Gallego)
300 _a112 p. ;
_c17 cm.
852 _aES-MaACL
_jC-42093
_bR.78991
999 _c52370
_d52370